Educar la sexualidad / (Registro nro. 12450)

Detalles MARC
000 -LIDER
fixed length control field 01311cam a2200325 4500
001 - NÚMERO DE CONTROL
Identificador de número de control
003 - IDENTIFICACDOR DE NÚMERO DE CONTROL
control field DO-SdBNP
005 - DATE AND TIME OF LATEST TRANSACTION
control field 20250117095246.0
008 - ELEMENTOS DE LONGITUD FIJA
fixed length control field 080219s2006 sp | |||| 000 0 spa
015 ## - NÚMERO DENTRO DE LA BIBLIOGRAFÍA NACIONAL
National bibliography number
017 ## - NÚMERO DE REGISTRO DE DERECHOS DE AUTOR
Copyright or legal deposit number
Assigning agency
020 ## - ISBN
International Standard Book Number 8449432448 obra completas
040 ## - FUENTE DE CATALOGACIÓN
Agencia que crea de manera original el registro DO-SdBNP
Idioma de catalogación spa
Agencia que realiza la transcripción BPMSU
080 ## - NÚMERO DE CLASIFICACIÓN DECIMAL UNIVERSAL
Universal Decimal Classification number
082 #4 - NÚMERO DE CLASIFICACIÓN DECIMAL DE DEWEY
Classification number 372.372
Item number E24s 2006
Edition number 22
100 ## - ASIENTO PRINCIPAL -- NOMBRE PERSONAL
Nombre personal
245 00 - MENCIÓN DE TITULO
Título Educar la sexualidad /
Mención de responsabilidad dirección José Gay, Carlos Gispert ; ilustración Mercé Aránega, María Pascual; coordinación Elena Ó Callaghan i Duch.
Medio (Designación general de material)
260 ## - PUBLICACIÓN, DISTRIBUCIÓN, ETC. (PIE DE IMPRENTA)
Lugar de publicación, distribución, etc Barcelona :
Nombre del editor, distribuidor, etc. Grupo Océno,
Fecha de publicación, distribución, etc 2006.
300 ## - DESCRIPCIÓN FÍSICA
Extensión 4 v. :
Otros detalles físicos il.;
Dimensiones 29 cm.
505 0# - NOTA DE CONTENIDO
Información miscelánea v. 1
Título María, Carlos y sus amigos --
-- El cuerpo y los sentidos --
-- Somos iguales, somos diferentes --
-- Crecemos : la pubertas.
Información miscelánea v. 2
Título Las personas nos relacionamos --
-- Va a nacer un niño --
-- El respeto por el cuerpo
-- Al cerrar el libro.
Información miscelánea v. 3-4. Educar los valores
650 #7 - ENCABEZAMIENTO DE MATERIA--TEMÁTICO
Término temático o nombre geográfico como elemento de entrada Educación sexual de niños
Fuente del encabezamiento o término
700 1# - ASIENTO SECUNDARIO -- NOMBRE PERSONAL
Nombre personal Gispert, Carlos,
Mención de responsabilidad dirección
700 1# - ASIENTO SECUNDARIO -- NOMBRE PERSONAL
Nombre personal Gay, José,
Mención de responsabilidad dirección
700 1# - ASIENTO SECUNDARIO -- NOMBRE PERSONAL
Nombre personal Mercé Aránega,
Mención de responsabilidad ilusutración
700 1# - ASIENTO SECUNDARIO -- NOMBRE PERSONAL
Nombre personal Pascual, María
Mención de responsabilidad ilustración
700 1# - ASIENTO SECUNDARIO -- NOMBRE PERSONAL
Nombre personal Callaghan i Duch, Elena Ó
Mención de responsabilidad coordinador
710 2# - ASIENTO SECUNDARIO -- NOMBRE CORPORATIVO
Nombre corporativo o de jurisdicción Grupo océano
910 ## - VALIDACIÓN
Validación VMateo V. Control de calidad. BPMSU
942 ## - ADDED ENTRY ELEMENTS (KOHA)
Source of classification or shelving scheme Dewey Decimal Classification
Koha item type Libros
Existencias
Withdrawn status Lost status Source of classification or shelving scheme Damaged status Not for loan Collection code Home library Current library Date acquired Source of acquisition Total Checkouts Full call number Barcode Date last seen Copy number Price effective from Koha item type
    Dewey Decimal Classification     Colección Infantil General Biblioteca Pública Metropolitana Salomé Ureña Biblioteca Pública Metropolitana Salomé Ureña 01/13/2017 Compra   BPMSU CG 372.372 E24s 2006 BPMSU17010019 01/13/2017 v. 1 01/13/2017 Libros
    Dewey Decimal Classification     Colección Infantil General Biblioteca Pública Metropolitana Salomé Ureña Biblioteca Pública Metropolitana Salomé Ureña 01/13/2017 Compra   BPMSU CG 372.372 E24s 2006 BPMSU17010020 01/13/2017 v. 2 01/13/2017 Libros
    Dewey Decimal Classification     Colección Infantil General Biblioteca Pública Metropolitana Salomé Ureña Biblioteca Pública Metropolitana Salomé Ureña 02/26/2018 Compra     BPMSU18020264 02/26/2018 v.3 02/26/2018 Libros
    Dewey Decimal Classification     Colección Infantil General Biblioteca Pública Metropolitana Salomé Ureña Biblioteca Pública Metropolitana Salomé Ureña 02/26/2018 Compra     BPMSU18020265 02/26/2018 v.4 02/26/2018 Libros